000 00916nam0a22002651 4500
001 rc\4886043
005 20250613030414.0
021 _aRU
_b[62-36294]
035 _a(NLR Aleph) 008919304
090 _a8813809
_c8813809
100 _a20130426d1962 |||y0rusy50 ca
101 0 _arus
102 _aRU
105 _ay z |||||
200 1 _a[Материалы]
_fЦК Профсоюза работников культуры. IV съезд. 6-7 апр. 1962 г.
210 _aМосква
_cБ. и.
_d1962
215 _a30 с.
_d20
606 _aПрофсоюзная работа среди работников культуры
_2psbo
710 0 2 _aСоюз работников культуры СССР
_bСъезд
_d4
_eМосква
_f1962
_9463611
_3RU\NLR\AUTH\880398416
801 0 _aRU
_bNLR
_gpsbo
801 1 _aRU
_bELAR
_2rusmarc
852 _aNLR
_j62-4/9317
942 _cBOOK
980 _aNB